| 000 | 01620nam a22003497a 4500 | ||
|---|---|---|---|
| 003 | OSt | ||
| 005 | 20230424093723.0 | ||
| 008 | 221006b |||||||| |||| 00| 0 eng d | ||
| 040 | _cBiblioteca Lado V | ||
| 082 |
_a792.05 _bG143e |
||
| 100 |
_9812 _aGainza, Gaston _eeditor |
||
| 245 |
_aEscena/ _bRevista de las Artes/ |
||
| 260 |
_bUniversidad de Costa Rica _bVicerrectoria de acción social _c2006 _aCosta Rica |
||
| 300 |
_c21x28cm _a96p. |
||
| 490 |
_v2006 _v29 _x1409 2522 _a58 |
||
| 505 | _tEditorial | ||
| 505 |
_tArtes Plasticas _aAcerca del libro: Rostros, diablos y animales |
||
| 505 |
_tCINE _aEl nuevo siglo arranca en las pantallas La reconstrucción simbólica de la identidad en la puta vida |
||
| 505 |
_tSemiotica _aEl crisol de la creatividad humana |
||
| 505 |
_tSeccion Rescate _aUna Presentacion |
||
| 505 |
_tTeatro _aTeatro de muñecos en perspectiva El imperio de las luces La patria primera - Hombres de Fecunda Labor - Aportes para una historiografía del Teatro Costarricense: |
||
| 650 |
_2Tesauro de Arte & Arquitectura _aARTE _9703 |
||
| 650 |
_2Tesauro de Arte & Arquitectura _aHISTORIA |
||
| 650 |
_2Tesauro de Arte & Arquitectura _aARTE COSTARRICENSE |
||
| 650 |
_2Tesauro de Arte & Arquitectura _aCULTURA |
||
| 650 |
_2Tesauro de Arte & Arquitectura _aARTE LATINOAMERICANO |
||
| 650 |
_2Tesauro de Arte & Arquitectura _aTEORIA |
||
| 650 |
_2Tesauro de Arte & Arquitectura _aCRITICA |
||
| 650 |
_2Tesauro de Arte & Arquitectura _aTEATRO |
||
| 650 |
_2Tesauro de Arte & Arquitectura _aCOSTA RICA |
||
| 942 |
_2ddc _c1 _h792.05 _iG143e _n0 |
||
| 999 |
_c3452 _d3452 |
||